| 000 | 00427nam a22001577a 4500 | ||
|---|---|---|---|
| 008 | 230215b ||||| |||| 00| 0 eng d | ||
| 020 | _a9789393631091 | ||
| 041 | _aeng | ||
| 082 |
_a301.32 _bRAN |
||
| 100 | _aRai Ashok Kumar | ||
| 245 |
_aNeed for Population Control Law in India _b _cBy Ashok Kumar Rai |
||
| 260 |
_aNew Delhi _bOxford Publishers & Distributors _c2022 |
||
| 300 | _a235p. | ||
| 650 | _aLAW | ||
| 942 | _cBK | ||
| 999 |
_c46671 _d46671 |
||